automerken - Statistieken

Algemene statistieken
  • Deze quiz is 801 keer genomen
  • De gemiddelde score is 9 van 15
Antwoordstatistieken
Hint Antwoord % Correct
golf volkswagen
92%
a4 audi
87%
x4 bmw
79%
cactus citroen
77%
captur renault
76%
308 peugeot
75%
458 italia ferrari
73%
gallardo lamborghini
62%
sls AMG mercedes-benz
62%
e-type jaguar
48%
DB5 aston martin
44%
vrachtwagen zweden scania
44%
gt3 rs porsche
42%
huyara pagani
37%
mp-4 mclaren
29%
Geen overeenkomende quizzen gevonden
Scoreverdeling
Procent van Mensen met Elke Score
Percentiel versus Aantal Correcte Antwoorden
Uw Scoregeschiedenis
U heeft deze quiz nog niet genomen